00338nam a2200121Ia 4500008004100000041000800041082001400049100002100063245004500084260004600129300003000175365001100205240624s9999 xx 000 0 und d aeng a658.4 GOT aGOTTFREDSON MARK aBREAKTHROUGH IMERATIVE HOW THE BEST MANA c2008aNew YorkbHarper Collins Publishers aix, : 367 : p. : cm. ; 23 cRSb27